000 00893aam a2200289 a 4500
999 _c10289
_d10289
001 10289
003 BD-JhCC
005 20180423131416.0
008 180423s1994 nyu 001 0 eng
010 _a 93045720
020 _a0393964612
035 _a(BD-JhCC)10289
040 _aDLC
_cDLC
_dDLC
_dBD-JhCC
050 0 0 _aPS507
_b.N65 1994
082 0 0 _a810.8
_220
_bNOR 1994
245 0 4 _aThe Norton anthology of American literature /
_c[edited by] Nina Baym ... [et al.].
250 _a4th ed.
260 _aNew York :
_bNorton,
_c1994.
263 _a9401
300 _a1, 2 v. cm.
504 _aIncludes bibliographical references (p. ) and index.
650 0 _aAmerican literature.
651 0 _aUnited States
_xLiterary collections.
700 1 _aBaym, Nina.
942 _2ddc
_cREF